Country categories 5 - Statistics

General Stats
  • This quiz has been taken 32 times
  • The average score is 34 of 45
Answer Stats
Question Tile Select % Correct
Countries entirely north of the equator No
100%
Countries entirely north of the equator No
95%
Countries whose capital isn't the biggest city (by city limits) Yes
95%
Countries whose capital isn't the biggest city (by city limits) No
95%
Countries whose capital isn't the biggest city (by city limits) No
95%
Countries that border China Yes
95%
Countries that border China No
95%
Countries entirely north of the equator No
89%
Countries that border China Yes
89%
Countries whose capital isn't the biggest city (by city limits) No
84%
Countries that come before “Mali” alphabetically No
84%
Countries that come before “Mali” alphabetically No
84%
Countries that border China No
84%
Countries that border China No
84%
Countries entirely north of the equator No
79%
Countries entirely north of the equator No
79%
Countries entirely north of the equator Yes
79%
Countries whose capital isn't the biggest city (by city limits) Yes
79%
Countries that come before “Mali” alphabetically No
79%
Countries that come before “Mali” alphabetically No
79%
Countries that come before “Mali” alphabetically Yes
79%
Countries that border China Yes
79%
Countries entirely north of the equator Yes
74%
Countries whose capital isn't the biggest city (by city limits) No
74%
Countries that come before “Mali” alphabetically Yes
74%
Countries that come before “Mali” alphabetically Yes
74%
Countries that come before “Mali” alphabetically No
74%
Countries with a higher population than Greenland (56K people) No
74%
Countries with a higher population than Greenland (56K people) No
74%
Countries that border China No
74%
Countries entirely north of the equator Yes
68%
Countries whose capital isn't the biggest city (by city limits) Yes
63%
Countries that come before “Mali” alphabetically Yes
63%
Countries with a higher population than Greenland (56K people) No
63%
Countries entirely north of the equator Yes
58%
Countries whose capital isn't the biggest city (by city limits) Yes
58%
Countries whose capital isn't the biggest city (by city limits) No
58%
Countries with a higher population than Greenland (56K people) No
58%
Countries with a higher population than Greenland (56K people) Yes
58%
Countries with a higher population than Greenland (56K people) Yes
58%
Countries that border China Yes
58%
Countries with a higher population than Greenland (56K people) No
53%
Countries that border China No
53%
Countries with a higher population than Greenland (56K people) Yes
47%
Countries with a higher population than Greenland (56K people) Yes
47%
No matching quizzes found
Score Distribution
Percent of People with Each Score
Percentile by Number Answered
Your Score History
You have not taken this quiz